| 000 | 00643nam a2200217 a 4500 | ||
|---|---|---|---|
| 999 |
_c3581 _d3581 |
||
| 001 | 3581 | ||
| 003 | BD-JhCC | ||
| 005 | 20171119132613.0 | ||
| 008 | 171115s1983 bg |||| |||| 000 0 mul d | ||
| 035 | _a(BD-JhCC)3581 | ||
| 040 |
_aBD-JhCC _dBD-JhCC |
||
| 041 | _aBengali and English | ||
| 082 |
_a891.4415 _bEKU 1983 |
||
| 245 |
_aএকুশের কবিতা / _cবাংলা একাডেমী. |
||
| 260 |
_aঢাকা : _bবাংলা একাডেমী, _c1983. |
||
| 300 |
_a137 p. : _c21 cm. |
||
| 650 | _aBengali Poetry. | ||
| 710 | _aবাংলা একাডেমী. | ||
| 942 |
_2ddc _cBK |
||